000 00245nam a2200097Ia 4500
008 191206s9999 xx 000 0 und d
020 _a84655254
090 _aBX2350.65.N49
245 4 _aThe new dictionary of Catholic spirituality
260 _cc1993
999 _c17110
_d17110